| 000 | 00686nam a2200253 i 4500 | ||
|---|---|---|---|
| 001 | 33747 | ||
| 003 | BD-RjUL | ||
| 005 | 20211209052044.0 | ||
| 008 | 140511s1977 fr b i000 0 eng | ||
| 020 | _a9231013645 | ||
| 035 | _a(BD-RjUL)33838 | ||
| 040 |
_aDLC _cDLC _dBD-RjUL _beng |
||
| 041 | _aeng | ||
| 082 | 0 | 0 |
_a346.012 _bRED 1977 |
| 245 | 0 | 0 | _aReadings on population for law students / |
| 260 |
_aParis : _bUnesco, _c1977. |
||
| 300 |
_a123 p. ; _c21 cm. |
||
| 504 | _aIncludes bibliographical references. | ||
| 650 | 0 |
_aPopulation _xLaw and legislation. _9102459 |
|
| 650 | 0 |
_aPersons (Law) _913255 |
|
| 942 |
_2ddc _cBK |
||
| 999 |
_c33747 _d33747 |
||